00263nam a2200097 a 450000500170000000800410001705000120005824500510007026000340012165000100015520140414093838.0110322s19uu xx uuu eng d aCTbTIM aTimeless waltzes :binvitation to dance vol.8. aPhilippines :bIvory Records. aWaltz